Environmentológia vo vysokoškolskom vzdelávaní

Bibliographic Details
Main Author: Eliáš, Pavol, 1949- (Author)
Format: Article
Language:Slovak
ISSN:0044-4863
Subjects:

MARC

LEADER 00000nab a2200000 a 4500
001 vtls000869068
003 SK-MaSNL
005 20260305023809.0
008 250429c2003 xo 0 slo
015 |a SNBRB2004/04-11496 
035 |a CLN000220620 
035 |a urn:nbn:sk:snk-abbxb0 
035 |a (urnnbn)urn:nbn:sk:snk:ar-006ezb 
035 |a (uuid)63fda302-f5c3-439e-9bb5-41424f71cc63 
040 |a SNKBUCL  |b slo  |c SNKBUCL  |e AACR2 
041 0 |a slo 
044 |a xo  |c SK 
080 |a 378:504.06:061.3  |2 1997 
080 |a 504.06  |2 1997 
100 1 |a Eliáš, Pavol,  |d 1949-  |4 aut  |9 36947 
245 1 0 |a Environmentológia vo vysokoškolskom vzdelávaní  |c Pavol Eliáš 
648 7 |a 2003  |2 snkbucl  |9 301018 
650 0 7 |a vysoké školy  |2 snkbucl  |9 1277 
650 0 7 |a environmentalistika  |2 snkbucl  |9 787 
650 0 7 |a environmentálna výchova a vzdelávanie  |2 snkbucl  |9 67556 
650 0 7 |a konferencie  |2 snkbucl  |9 19221 
651 7 |a Poľsko  |2 snkbucl  |9 16755 
655 7 |a články z novín a časopisov  |2 snkbucl  |9 267496 
773 0 |t Životné prostredie  |g Roč. 37, č. 6 (2003), s. 333  |x 0044-4863 
850 |a Slovenská národná knižnica 
852 |a Slovenská národná knižnica 
954 |a odborná, vedecká literatúra pôvodná (slovenská)  |2 lita 
958 |a article15 
958 |a PL 
958 |a OND 
958 |a EUIPO 
992 |a RBX 
999 |c 3299113  |d 3301043